[Event "EU-ch 6th"]
[Site "Warsaw"]
[Date "2005.06.27"]
[Round "9"]
[White "Movsesian, Sergei"]
[Black "Potkin, Vladimir"]
[Result "1-0"]
[WhiteElo "2628"]
[BlackElo "2552"]
[Annotator "Psakhis,L"]
[PlyCount "61"]
[EventDate "2005.06.18"]
[EventType "swiss"]
[EventRounds "13"]
[EventCountry "POL"]
[SourceTitle "CBM 108"]
[Source "ChessBase"]
[SourceDate "2005.09.26"]
[SourceVersion "1"]
[SourceVersionDate "2005.09.26"]
[SourceQuality "1"]

1. e4 e6 2. d4 d5 3. e5 c5 4. c3 Nc6 5. Nf3 Bd7 6. Be2 Nge7 7. Na3 cxd4 8. cxd4
Nf5 9. Nc2 Qb6 (9... Nb4 10. Nxb4 Bxb4+ 11. Bd2 Qa5 12. Bxb4 Qxb4+ 13. Qd2
Qxd2+ 14. Kxd2 Ne7 $1 $11 {N /\ f6, Kd8, Be8-h5, Nc6><d4, e5 Zlotnik,B} 15.
Rhc1 (15. h4 f6 (15... Nc6 16. h5 h6 17. Rh4 f6 18. exf6 gxf6 19. Ne1 e5 20.
Nc2 O-O-O 21. Re1 Bf5 22. Bd3 Bxd3 23. Kxd3 Rhg8 24. g3 Kd7 25. Kd2 Kd6 26. Re3
Rd7 27. Ra3 a6 28. Rf3 Ke6 29. Rb3 b5 30. Rc3 Rd6 31. Re3 Kd7 32. Rd3 Ke6 33.
Re3 Kd7 34. Rd3 Ke6 {1/2-1/2 Kamber-Zueger/Lugano 1989/ChessBase}) 16. h5 h6
17. Rh3 Rc8 18. Rg3 O-O $15) (15. Ne1 Rc8 16. Bd3 Nc6 17. Ke3 Ke7 18. Rc1 f5
19. Nf3 Nb4 20. Bb1 Rxc1 21. Rxc1 Rc8 22. Rxc8 Bxc8 {1/2-1/2 Gallinnis,
N-Sieglen,J/BL 1987/ChessBase}) (15. Rac1 Nc6 16. Ke3 (16. b4 a6 17. a3 f6 18.
Bd3 Ke7 19. h4 Be8 20. h5 fxe5 21. dxe5 h6 22. Rh4 Rf8 23. Rc2 Kd8 24. Ke3 Rc8
{0-1 Arbanas,J-Dizdar,G/CRO t-ch 1992/ChessBase (42)}) 16... f6 17. Bb5 (17. h4
Ke7 18. Bd3 h6 19. h5 Rhc8 20. g4 Nb4 21. Bb1 Rxc1 22. Rxc1 Rc8 23. Rxc8 Bxc8
24. Nd2 Bd7 25. a3 Nc6 {1/2-1/2 Stein,B-Goetz,R/BL 1990/ChessBase (31)}) 17...
Nb4 18. a3 Bxb5 19. axb4 Kd7 20. Rc3 Rhc8 21. Rhc1 Rxc3+ 22. Rxc3 Rf8 23. g3 h6
24. h4 Kd8 {1/2-1/2 Popov,R-Morozevich,A/Krasnodar op 1997/ChessBase (61)})
15... f6 $1 (15... Nc6 16. Rc3 Ke7 17. Bb5 f6 18. Bxc6 bxc6 19. Re1 Rhb8 20.
Kc1 Rb4 21. Ree3 Rab8 22. Rb3 a5 23. Rxb4 Rxb4 24. Rb3 Ra4 25. a3 Bc8 26. Rc3
Rc4 27. Rxc4 dxc4 28. Kc2 Kd7 29. Kc3 Ba6 {1-0 Galyas,M-Stabolewski,A/Budapest
1993/ChessBase (41)}) 16. Rc5 (16. Rc7 $2 Bc6 {/\ Kd8-+}) (16. Rc3 $5) 16...
Kd8 17. Bd3 Rc8 18. Rac1 $6 (18. Rxc8+ Kxc8 19. Rc1+ Kd8 20. Ke3 $11) 18...
Rxc5 19. Rxc5 Be8 $15 {0-1 Sieiro_Gonzalez,L-Gurevich,M/La Habana 1986/ (36)})
10. h4 (10. g4 Nfe7 11. O-O $146 (11. Rg1 Rc8 12. Rg3 Ng6 13. Kf1 Qc7 14. Bd3
Be7 15. g5 Nb4 16. Nxb4 Bxb4 17. a3 Bf8 18. h4 Ne7 19. Bf4 Qb6 20. Kg2 Nf5 21.
Bxf5 exf5 22. b4 $13 {1-0 Vetemaa,J-Tuomala,T/Heart of Finland 1993 (48)}) (11.
Rg1) (11. Nh4 Nb4 12. Na3 Nec6 13. Be3 Be7 14. Ng2 f6 15. Nb5 fxe5 16. O-O O-O
17. dxe5 Bc5 18. Bxc5 Qxc5 19. a3 Na6 20. Rc1 Qb6 21. Ne3 Nxe5 22. Nd4 Nc5 23.
Ndf5 Bc6 24. Qd4 Ncd3 25. Bxd3 Nf3+ {0-1 Wemmers,X-Gurevich,M/BEL t-ch 0304
2004/The Week in Chess 482}) 11... h5 12. h3 {It is very important to keep the
square f5 under control. It's a point. White doesn't allow the enemy knight to
get to the square f5. Yes, Black gets the h-file but how to attack with only
one rook ?} hxg4 13. hxg4 f6 14. Bd3 O-O-O (14... fxe5 {Ftacnik} 15. Nxe5 Nxe5
16. dxe5 Nc6 17. Qe2 $13) (14... a5 $1 {#5Eb4}) 15. b4 $1 Nxd4 16. Ncxd4 fxe5
17. Qe2 $5 e4 18. Bf4 $1 {Preventing the King's escape into the corner.} Ng6
19. Rac1+ Bc6 {1-0 Shirov,A-Van Wely,L/Wijk aan Zee-A 2001/CBM 81/[Psakhis] 
(27)}) (10. O-O Na5 (10... a5 11. Kh1 $5 (11. g4 Nfe7 12. Nh4 (12. Nfe1 {
and after h7-h5 he always took on h5. Sveshikov played this variation many
times but without great success. And until today, the main line here was 10.
0-0 without g2-g4.}) 12... Ng6 (12... f6 13. exf6 gxf6 14. Be3 Nb4 15. Nxb4
axb4 16. Ng2 Ng6 17. f4 Bd6 18. f5 exf5 19. gxf5 Ne7 20. Bh5+ Kd8 {0-1
Hendriks,W-Barsov,A/NED t-ch 2000 (38) '<=>' Psakhis.}) 13. Ng2 f6 (13... Be7
14. f4 O-O 15. Be3 f5 16. exf6 Rxf6 17. h4 Bd6 18. h5 Nge7 19. Bd3 Rf7 $1 20.
Qe2 a4 21. Rab1 Raf8 $13 {Yagupov,I-Piskov,Y/Rostov/1993/}) 14. exf6 gxf6 15.
Kh1 Bg7 16. f4 f5 17. gxf5 exf5 18. Be3 Rc8 19. b3 O-O 20. Bf3 Nce7 21. Qd2 Rf6
22. Nge1 Rfc6 23. Bd1 Rc3 24. Nf3 Bb5 {0-1 Howell,D-Rahman,Z/BCF-ch Edinburgh
2003/ (43)}) 11... h5 ({Mikhail Gurevich, one of the leading experts in this
line, tried} 11... Nb4 {but after} 12. Ne3 Rc8 13. Nxf5 exf5 14. Bd2 Be7 15. a3
Nc6 16. Bc3 O-O 17. Qd2 Ra8 18. Ne1 Rfb8 19. Nc2 g6 20. Ne3 Be6 21. f4 h5 $14 {
0-1 Grischuk,A-Gurevich,M/Esbjerg North Sea Cup 2000/CBM 78/ (30) White got an
advantage.}) 12. b3 $146 (12. Bg5 Rc8 13. Qd2 Be7 14. Rab1 Bxg5 15. Qxg5 Nce7
16. Bd3 Bb5 17. Bxb5+ Qxb5 18. Ne3 Qe2 19. Nxf5 Nxf5 20. Kg1 Rc2 {1/2-1/2 Peng
Xiaomin-Zhang Zhong/Shenyag 1999 (20)}) 12... Be7 13. Bd3 Nh4 {The pawn on d4
is poisoned:} (13... Nfxd4 $2 14. Ncxd4 Nxd4 15. Be3 Bc5 16. Rc1 $1 $18 {
[%cal Rc1c5,Re3b6]}) (13... Rc8 14. Bxf5 exf5 15. Bg5 $36) 14. Ng5 ({The simple
} 14. Nxh4 Bxh4 15. Be3 $14 {also leads to a nice game.}) 14... a4 ({Again it
was too dangerous to take the pawn:} 14... Nxd4 $2 15. Nxf7 $1 Nxc2 (15... Kxf7
16. Nxd4) 16. Nxh8 Nxa1 17. Qxh5+ Kd8 18. Bg5 $18) 15. Rb1 axb3 (15... Nf5 $5)
16. Rxb3 $5 Qd8 (16... Qc7) 17. Nh3 Rxa2 18. Rxb7 Na5 19. Rb2 Rxb2 20. Bxb2 $14
{1-0 Ehlvest,J-Barsov,A/Dhaka 2001/CBM 82/[Psakhis] (35)}) (10... Rc8 11. g4
Nfe7 12. Nh4 Nb4 13. Nxb4 Qxb4 14. f4 Nc6 (14... Bb5 15. Qd2 $1 Qa4 16. b3 Qa6
17. Bxb5+ Qxb5 18. f5 Nc6 19. Bb2 $14 {Sveshnikov,E-Ulibin,M/Rus/1992/}) 15.
Be3 Be7 16. Ng2 $14 {Sveshnikov,E-Gleizerov,E/RUS/1992/0:1/44/}) 11. g4 Ne7 12.
Nfe1 Bb5 13. Nd3 h5 14. gxh5 (14. b4 Nac6 15. a4 Bc4 16. a5 Qc7 17. gxh5 Nf5
18. Be3 Bb3 19. Qb1 Bxc2 20. Qxc2 Qd8 $13 {Van der Werf,M-Hansen,L.B/Wijk aan
Zee/1993/}) 14... Nf5 15. Be3 Rc8 (15... Nc4 16. a4 Ncxe3 17. fxe3 Bc4 18. Nf4
Bb3 19. Bb5+ Kd8 20. Qe2 Bxc2 21. a5 $1 Qc7 22. Rfc1 $16 {Sveshnikov,
E-Dolmatov,S/URS/1992/0,5/53/}) 16. b4 (16. b3 Nc6 17. Rc1 a5 18. Qd2 (18. Nf4
Bxe2 19. Qxe2 Qd8 20. h3 $1 Qh4 21. Qg4 $14 {1-0 Grosar,A-Poldauf,D/AUT t-ch
9900 2000 (46)}) 18... Be7 19. Bg4 Qa6 20. Be2 a4 $44 {1/2-1/2 Bergstrom,
R-Kiriakov,P/Port Erin op 2000/ (43)}) 16... Nc6 17. a4 Bc4 (17... Bxd3 18.
Bxd3 Nxb4 $2 19. a5 Qc6 20. Nxb4 Bxb4 21. Rc1 Qd7 22. Rxc8+ Qxc8 23. Qa4+ $18)
18. Rb1 Qd8 $1 19. Nf4 Bxe2 20. Qxe2 Qh4 21. h3 Be7 {1/2-1/2 Sveshnikov,
E-Kiriakov,P/RUS-ch Elista 1994/ChessBase/[Belov] (41)}) 10... Nb4 (10... Bb4+
11. Kf1 h5 12. a3 Be7 13. b4 Rc8 14. g3 f6 15. Bd3 fxe5 16. Bxf5 exf5 17. dxe5
d4 $13 {1-0 Topalov,V-Nikolic,P/Amber blind 1997 (33)}) (10... f6 $5 {An
interesting novelty in a well-known position.} 11. g4 {[#]} Nfxd4 $1 (11...
Nfe7 12. exf6 gxf6 13. g5 Bg7 $13) 12. Ncxd4 Nxe5 $5 {'[Black could have
inserted 12...Bb4+ 13.Kf1 Nxe5, but it looks like Mikhail thought that this
line favours White. It is hard to evaluate it straight away.]'} 13. g5 {
Black has good compensation for the knight. The position is very complicated.
Any outcome is possible in this encounter.} Bc5 $1 $44 14. O-O (14. gxf6 gxf6
15. Nxe5 fxe5 16. Bh5+ Ke7 17. Bg5+ Kd6 $17) 14... Nxf3+ (14... O-O {Psakhis}
15. gxf6 gxf6 16. Bh6 Rf7 17. Nxe5 fxe5 18. Bh5 $18) 15. Nxf3 Qb4 $5 {[/\16...
Qg4->>>]} 16. Ne1 $5 {[/\17.Ng2] 'Offering already the third pawn for a piece,
but} Qxh4 17. Ng2 {The only way to protect the king.} Qb4 {'Black has three
pawns for the knight. Objectively speaking the game is about equal, but the
probability of the draw in such a sharp position is very low. Someone is bound
to fall !'} 18. Bd3 O-O-O 19. a3 {Shirov,A-Gurevich,M/ Prague 2002}) 11. Nxb4
Qxb4+ (11... Bxb4+ 12. Kf1 Bb5 (12... h5 $5 $146 {'N'} 13. a4 Rc8 14. g3 Be7 (
14... O-O $5 15. Bd3 Rc7 16. Kg2 Rfc8 17. Ng5 g6 $132) 15. Kg2 Rc7 $1 ({Maybe} 
15... a5 $5 {[%cal Ge8d8,Gd8c7,Gc7b8] was stronger planning to escape with the
K to the queenside.}) 16. a5 Qb4 17. b3 $6 Bb5 {Exchanging the light-squared
bishops greatly reduces White's attacking potential.} 18. Ba3 Bxe2 19. Qxe2
Qxb3 20. Bxe7 Nxe7 21. a6 $5 {1/2-1/2 Shirov,A-Gurevich,M/Praha (m/1-rapid)
2002/ChessBase/[Psakhis] (43) '}) 13. g4 $5 $146 ({Or} 13. a3 Bf8 14. g4 Ne7
15. h5 Nc6 16. Bxb5 Qxb5+ 17. Qe2 Qxe2+ 18. Kxe2 f6 $13 {1/2-1/2 Sedina,
E-Zueger,B/SUI t-ch 2000/}) 13... Nh6 (13... Ne7 14. a3 Qa6 15. Bxb5+ Qxb5+ 16.
Qe2 Qxe2+ 17. Kxe2 Ba5 18. h5 $14) (13... Bxe2+ 14. Kxe2 Qa6+ 15. Qd3 Qxd3+ 16.
Kxd3 Ne7 17. h5 h6 18. a3 Ba5 19. Be3 Kd7 20. Nh4 Rag8 21. Rag1 g5 22. Ng2 Nc6
23. f4 $14 {1/2-1/2 Movsesian,S-Berelovich,A/BL 0203 2003/ (41)}) 14. Bxh6 gxh6
(14... gxh6) 15. Qb3 (15. Bxb5+ $5 Qxb5+ 16. Qe2 $14) 15... Rg8 16. a3 Bxe2+
17. Kxe2 Qa6+ 18. Qd3 Be7 $11 {1/2-1/2 Pilaj,H-Moor,O/Leipzig 2002/ChessBase/})
12. Kf1 Bb5 13. g4 Bxe2+ 14. Kxe2 Ne7 $146 (14... Qc4+ $5 15. Qd3 Ne7 16. h5 h6
17. Bd2 Rc8 (17... Qxd3+ 18. Kxd3 Nc6 19. a3 Kd7 20. b4 b5 21. Rhb1 Be7 22. Bc3
a5 23. bxa5 Rhb8 24. Ne1 Nxa5 25. Bxa5 Rxa5 26. Nc2 f6 27. exf6 gxf6 {1/2-1/2
Fluvia,J-Lopez Martinez,J/Badalona 2005/ (36)}) 18. a3 Kd7 19. Rac1 Qxd3+ 20.
Kxd3 Rxc1 21. Rxc1 Nc6 22. Ng1 $1 {[%cal Gf2f4]} g6 23. hxg6 fxg6 24. Ne2 g5
25. Rh1 Rg8 $14 {Movsesian,S-Ulibin,M/Hrvatska 1999/ChessBase/[Movsesian,S]/
1-0 (67)}) 15. h5 Nc6 16. Qd3 f6 (16... h6 17. a3 Qb6 18. b4 $36) 17. a3 Qb6 (
17... Qe7 $5 {[%cal Ge7d7]}) 18. exf6 gxf6 19. b4 (19. Re1 Na5 $1 {[%csl Rb3,
Rc4]}) 19... O-O-O 20. Be3 Kb8 (20... e5 $6 21. dxe5 d4 22. Bf4 $16) (20... h6
$5 21. Qg6 Be7 $1 (21... e5 22. dxe5 (22. Qxf6 $4 Nxd4+ $19) 22... Qb5+ 23. Kd2
fxe5 24. Qf5+ Kb8 25. Nxe5 Bg7 (25... Nxe5 26. Qxe5+ Bd6 27. Qd4 b6 28. Rac1
$16) 26. Nf7 $5) 22. Bxh6 $140 Nxd4+ 23. Nxd4 Qxd4 $132) 21. g5 $1 e5 $1 {
The most ambitious and principal continuation.} (21... fxg5 22. Nxg5 Bg7 23.
Nxe6 Rd7 24. b5 Nd8 25. Bf4+ Ka8 26. Nxg7 Rxg7 27. Be5) (21... Be7 $5 $13) 22.
dxe5 d4 23. Bd2 Nxe5 (23... fxe5 24. Rh4 $5 {[%cal Gh4e4]}) 24. Nxe5 (24. Bf4
Bd6) 24... fxe5 25. f3 e4 {Here Potkin begins to complicate the position at
his own risk.} ({Worth considering is the simple} 25... Be7 $5 {with good game.
}) 26. fxe4 Qe6 {Surely Black can claim some compensation for the sacrificed
pawn, but he needs to play against the weak position of white monarch.} 27.
Raf1 Qg4+ (27... Bg7 $5 28. Bf4+ Ka8 29. h6 Bf8 {[%cal Gf8e7,Gh8g8]}) 28. Qf3
d3+ {Perhaps this move is too ambitious.} (28... Qe6 $132) 29. Kf2 Qe6 {
Black has obviously lost the threat.} (29... Qd7 $5) 30. Qf6 $1 Bc5+ $4 {
[%mdl 8192]} (30... Qd7 $8 31. Qf5 $14 (31. Bf4+ Ka8 32. Qxh8 Bc5+ 33. bxc5
Rxh8 34. Ke3 Re8 $132)) 31. bxc5 (31. bxc5 Rhf8 32. Bf4+) 1-0

[Event "EU-ch 6th"]
[Site "Warsaw"]
[Date "2005.06.27"]
[Round "9"]
[White "Fressinet, Laurent"]
[Black "Halkias, Stelios"]
[Result "1-0"]
[WhiteElo "2638"]
[BlackElo "2549"]
[Annotator "Psakhis,L"]
[PlyCount "61"]
[EventDate "2005.06.18"]
[EventType "swiss"]
[EventRounds "13"]
[EventCountry "POL"]
[SourceTitle "CBM 108"]
[Source "ChessBase"]
[SourceDate "2005.09.26"]
[SourceVersion "1"]
[SourceVersionDate "2005.09.26"]
[SourceQuality "1"]

1. e4 e6 2. d4 d5 3. e5 c5 4. c3 Qb6 5. Nf3 Bd7 6. a3 (6. Be2) 6... a5 ({
In the case of the standard moves} 6... cxd4 7. cxd4 Bb5 8. Bxb5+ Qxb5 9. Nc3
Qa6 10. Ne2 $13 (10. Qb3 $6 Nc6 11. Nb5 $2 Bb4+ $1 12. Qxb4 Nxb4 13. Nc7+ Kf8
14. Nxa6 Nc2+ 15. Ke2 Nxa1 16. Nc5 b6 17. Nb7 Nb3 $19 {Yagupov,I-Totsky,L/Orel/
1994/}) 10... Ne7 11. O-O Nbc6 12. Nf4 Nf5 13. g4 Nfe7 14. Nh5 $36 {1-0
Thipsay,P-Pert,N/BCF-ch Scarbouough 1999 (38) the initiative belongs to White.}
) 7. c4 $5 {This move does not have a great reputation, but it is certainly
more dangerous than it seems.} (7. Nbd2 cxd4 8. Nxd4 Nc6 9. N2f3 Nxd4 10. cxd4
a4 11. Qd3 Ne7 12. Be2 Nc6 13. Rb1 Na5 14. O-O Qa6 15. b4 axb3 16. Qxa6 bxa6
17. Bd2 Nc4 18. Rxb3 Bb5 19. Ra1 Be7 20. Bb4 f6 21. exf6 gxf6 {Ehlvest,
J-Vaisser,A/EUR-ch Ohrid 2001/The Week in Chess 344/1-0 (90)}) (7. Bd3 Bb5 8.
O-O (8. dxc5 Bxc5 9. O-O Ne7 10. Bxb5+ Qxb5 11. a4 Qb6 12. Nbd2 Ng6 13. Nb3 Be7
14. Be3 Qc7 15. Nbd4 Nc6 16. Nb5 Qd7 17. Qe2 O-O 18. Bd4 f6 19. Rad1 Rac8 20.
exf6 Bxf6 21. Rfe1 e5 {1-0 Kupreichik,V-Senff,M/Bad Woerishofen op 2000/
ChessBase (38)}) (8. Bxb5+ Qxb5 9. a4 Qb6 10. O-O Nc6 11. Na3 cxd4 12. Nb5 dxc3
13. bxc3 Nh6 14. Rb1 Qd8 15. Bxh6 gxh6 16. c4 Nb4 17. Qd4 Bg7 18. Qc5 Bf8 19.
Qe3 Rc8 20. cxd5 Nxd5 21. Qe4 Be7 {1/2-1/2 Minasian,A-Galstian,B/ARM-ch
Yerevan 2005/The Week in Chess 548 (61)}) 8... Bxd3 9. Qxd3 Nc6 10. dxc5 Bxc5
11. c4 Qa6 12. Nc3 $6 $146 dxc4 13. Qc2 {/\ 14.Ne4~/=} Nd4 $1 14. Nxd4 Bxd4 15.
Qa4+ (15. Bf4 Ne7 16. Ne2 Ba7) 15... Qc6 16. Nb5 Bxe5 17. Re1 Bb8 $8 18. Bg5 $1
(18. Re4 $6 Ne7 19. Rxc4 Qd7 20. Be3 O-O 21. Rd1 Nd5 $17) 18... Nf6 (18... h6
19. Bh4 $13) 19. Rac1 O-O 20. Bxf6 gxf6 21. Rxc4 Qd5 {0-1 Haba,P-Kortchnoi,V/
Ostrava 1994/ChessBase/[Knaak] (39)}) (7. Be2 a4 (7... Bb5 8. c4 Bxc4 9. Bxc4
dxc4 10. d5 exd5 11. Qxd5 Ne7 12. Qxc4 Qa6 13. Nbd2 (13. Qe4 Nd7 14. Nc3 h6 15.
Bf4 O-O-O 16. O-O-O g5 17. Bg3 Bg7 18. Rd6 Nc6 19. Rhd1 Rhe8 20. Qf5 Re7 21.
Nd5 Qc4+ 22. Kb1 Qb3 23. Rd3 Qb5 24. Nxe7+ Nxe7 25. Qxf7 c4 26. Rc3 g4 27. Nd4
Nxe5 28. Nxb5 Nxf7 29. Rxc4+ Nc6 30. Na7+ {1-0 Andruet,G-Villeneuve,A/Angers
1990/ChessBase}) 13... Nbc6 14. O-O Qxc4 15. Nxc4 Nf5 16. a4 $16 {1-0 Garbisu,
U-Gamez,A/Pamplona-B 1997 (29)}) 8. O-O Nc6 (8... Ne7 9. Qd3 Nbc6 10. Rd1 Rc8
11. Nbd2 cxd4 12. cxd4 Nf5 13. Nf1 Be7 $11 {Mukhametov,E-Legky,N/Orel/1994/})
9. Bd3 (9. Qd3 Rc8 10. Nbd2 cxd4 11. cxd4 Na7 $1 12. b4 Bb5 13. Qe3 Ne7 14.
Bxb5+ Qxb5 15. g4 h5 16. h3 hxg4 17. hxg4 Qc6 $17 {0-1 Kravtsov,S-Volkov,S/
Tomsk op 1999 (33)}) (9. dxc5 Bxc5 10. c4 $5 {[%cal Gb1c3]} (10. Nbd2 Na5 11.
c4 Ne7 12. Qc2 Rc8 13. Rb1 Qa7 14. Qd3 dxc4 15. Qe4 b5 16. Qg4 Nf5 17. Ne4 Nb3
$17 {0-1 Jap Tjoen San,L-Peng Zhaoqin/NED-chW Rotterdam 2000/The Week in Chess
304 (45)}) 10... Nge7 ({Black's position is not bad and after} 10... dxc4 11.
Nc3 Nd4 12. Bxc4 Ne7 {for example} 13. Bf4 Bc6 14. Ng5 Ng6 15. Bg3 h6 16. Nge4
O-O 17. Qg4 Bxe4 18. Nxe4 Nf5 19. Nxc5 Qxc5 20. Bxe6 Nxg3 21. Qxg3 fxe6 {
1/2-1/2 Vysochin,S-Moroz,A/Ordzhonikidze zt 2000/ (21) but I like Kaidanov's
move.}) (10... d4 11. Bd3 Nge7 12. Re1 Na5 13. Nbd2 h6 14. Rb1 Bc6 15. Ne4 Nb3
16. Bf4 Bxe4 17. Rxe4 Nc6 18. Nd2 Nca5 19. Re1 {1/2-1/2 Reshetnikov,A-Lysyj,I/
RUS-ch B18 Nojabrsk 2005/The Week in Chess 549}) 11. Nc3 Nd4 $1 12. cxd5 $146 {
This new move doesn't change the estimation of the position as more or less
equal,} (12. Nxd4 Bxd4 13. cxd5 Nxd5 14. Nxd5 exd5 15. Kh1 {1/2-1/2 Videki,
S-Varga,P/Paks-9 GM 1999 (15)}) 12... Nxe2+ 13. Qxe2 Nxd5 ({In case of} 13...
exd5 14. Bg5 Bc6 15. Bxe7 Bxe7 16. e6 $36 {White's initiative could become
dangerous.}) 14. Nxd5 (14. Rd1 Nxc3 15. bxc3 Bc6 $13) 14... exd5 15. Rd1 Bb5
16. Qe1 Bc4 ({Worth considering was} 16... d4 $5 17. Ng5 Bc4 {with a promising
position for Black}) 17. Be3 $1 Bxe3 18. Qxe3 Qxe3 19. fxe3 O-O $11 {1/2-1/2
Peng Xiaomin-Kaidanov,G/USA-China Summit Seattle 2001/CBM 82/[Psakhis] (25)})
9... Na5 10. Bc2 Nc4 11. Ra2 (11. Ng5 $5 Be7 $5 12. Nxh7 g6 13. Ng5 Nh6 14. Ra2
Nf5 15. Nf3 cxd4 16. cxd4 Nh4 17. Ne1 Nf5 {'~~' Psakhis. Psakhis: '1/2-1/2
Shirov,A-Volkov,S/EU-Cup Halkidiki 2002/CBM 92 (41)'} 18. Nf3 Nh4 19. Ne1 Nf5
$13 {1/2-1/2 Shirov,A-Volkov,S/EU-Cup Halkidiki 2002/CBM 92 (41)}) 11... Ne7
12. Re1 (12. Nbd2 Nxd2 13. Bxd2 Bb5 14. Re1 Nc6 15. Be3 h6 16. Ra1 Qa7 17. dxc5
Bxc5 18. Bxc5 (18. Nd4 $5 {[%cal Gd1g4]}) 18... Qxc5 19. Qd2 O-O $13 {Afek,
Y-Legky,N/FRA t-ch 2003/CBM 94/[Psakhis]/0-1 (38)}) 12... Nc6 13. Kh1 $146 (13.
Bxa4 N6xe5 14. Bxd7+ (14. Bc2 Nxf3+ 15. Qxf3 Be7 16. b3 Nd6 17. dxc5 Qxc5 18.
Be3 Qc6 19. Bd4 f6 20. Qh5+ Nf7 21. f4 g6 22. Qf3 O-O 23. Qg3 Rfe8 $13 {
Belikov,V-Legky,N/Sevastopol 1997/1/2-1/2 (50)}) 14... Nxd7 15. b3 Nd6 (15...
Na5 16. b4 cxb4 $2 (16... cxd4 $142 $1 17. Nxd4 Nc6) 17. axb4 Ra7 18. Rxa5 Rxa5
19. bxa5 Qxb1 20. Qa4 Bd6 21. Bf4 Qxe1+ 22. Nxe1 Bxf4 23. Qb4 Bc7 24. Nd3 f6
25. g3 Rf8 26. Nf4 {1-0 Jonkman,H-Peng Zhaoqin/Wijk aan Zee-B 2002/CBM 87/
[Psakhis] (26)}) 16. c4 dxc4 17. d5 Qxb3 18. dxe6 fxe6 19. Rxe6+ Kd8 20. Rc2
Ra6 21. Nc3 $36 {Grischuk,A-Gurevich,M/Cannes World Cup of Rapid Chess 2001/
CBM 82/[Hecht]/1-0 (86)}) 13... Be7 14. Nbd2 Nxd2 (14... Qa6 15. Nxc4 (15. Nf1
$5 {[%cal Gf1g3]}) 15... Qxc4 16. Ra1 Qb5 17. Rb1 $14) 15. Bxd2 cxd4 16. cxd4 (
{Worth considering was} 16. Nxd4 $5 Nxd4 $140 17. Be3 $36 {with a nice game})
16... O-O 17. Bc3 {[%csl Gc3]} (17. Be3 $5) 17... Qa7 {[%cal Gb7b4] A space
advantage gives White slightly better chances, nevertheless Black's position
is still fairly solid.} 18. h4 {The players have completed their development
and now White is rushing the attack.} (18. Qd3 g6 19. Qe3) 18... b5 19. Qd3 g6
20. Qd2 {[%cal Gd2h6]} Rfb8 21. Raa1 b4 22. axb4 Nxb4 (22... Bxb4 $2 23. Bxa4)
23. Bb1 {1-0 Charbonneau,P-Shulman,Y/Buenos Aires American Continental 2003/
CBM 97/[Psakhis] (44)}) 7... cxd4 (7... dxc4 8. d5 exd5 9. Qxd5 Be6 10. Qe4 Qc6
11. Nc3 Qxe4+ 12. Nxe4 h6 13. Be3 Nd7 14. a4 g5 15. h3 Rc8 16. Be2 Be7 17. O-O
f5 18. exf6 Ngxf6 19. Nfd2 Nxe4 20. Nxe4 O-O 21. Rfd1 Ne5 22. Nd6 Rc7 {Djokic,
V-Peric,S/Serbia 2nd league Pozarevac 2004/1-0 (58)}) (7... Bc6 $5) 8. cxd5
exd5 9. Qxd4 $146 (9. Bd3 Nc6 10. O-O Nge7 11. Re1 h6 12. Nbd2 g6 13. Nf1 Bg7
14. h3 Bf5 15. N1h2 a4 16. Ng4 Qb3 17. Qxb3 axb3 18. Bxf5 Nxf5 19. Nf6+ Bxf6
20. exf6+ Kd7 21. Bf4 Rhe8 22. g4 Nd6 23. Bxh6 Nc4 {Bouvier,B-Legky,N/Sautron
op 2001/ChessBase/0-1 (33)}) 9... Bc5 (9... Qxd4 $5 10. Nxd4 Nc6 11. Nb5 O-O-O
12. Bf4 f6 $13) 10. Qd2 Ne7 11. Nc3 a4 (11... O-O 12. Bd3 f6 (12... Bg4 13. Na4
Qc7 14. Nxc5 Bxf3 15. Qe3 $5 $36) 13. O-O fxe5 14. Nxe5 $14) 12. Bd3 Na6 {
[%cal Ga6c7] A strange development of the knight. Perhaps Black should have
considered} (12... Nbc6 $142 $5 13. O-O Bg4 $132 {[%csl Re5]}) 13. O-O Nc7 14.
Qd1 {[%csl Ra4][%cal Gd3c2]} (14. Qc2 $5) 14... O-O 15. Bc2 Qa6 {Black
underestimates the danger.} (15... Qc6 $142 $5 {protecting the d5 pawn.}) (
15... f6 16. Bxa4) 16. Bg5 $36 {[%csl Gc2,Gg5] A very strong move, which gives
White an advantage.} ({Another promising possibility was} 16. Ng5 $5 h6 $140
17. Nge4 $1) 16... Bc6 (16... b5 17. Bxe7 (17. Rc1 $5) 17... Bxe7 18. Nxd5 Nxd5
19. Qxd5 Rfd8 20. Qe4) 17. Rc1 Ne6 (17... h6 18. Bxe7 Bxe7 19. Bxa4 $1 $16) 18.
Bxe7 Bxe7 19. Nxd5 Bc5 $6 {Obviously overlooking White's next move. More
tenacious was} ({The lesser evil for Black was} 19... Rfe8 $5) {[%tqu "En",
"Try to find nice idea for white/","","","c2h7","",15]} 20. Bxh7+ $1 {[%mdl 64]
This nice move yields White a decisive advantage. Now Black is helpless
against the combined threats to his king and to the under-protected pieces on
c-file.} Kxh7 21. Rxc5 $1 Rfd8 (21... Nxc5 22. Ng5+ Kh6 $8 (22... Kg6 23. Qg4
$18) (22... Kg8 23. Ne7+ Kh8 24. Qh5#) 23. Qg4 $1 (23. Qd4 Qe2 (23... Kxg5 24.
Qf4+ Kh5 25. Qf5+ Kh6 26. Qh3+ Kg5 27. f4+ Kg6 28. Ne7#) (23... Qxf1+ 24. Kxf1
Bxd5 25. Qxd5 Kxg5 26. Qxc5 $18) 24. f3 $5 Ne4 $8 25. Nxe4 Bxd5 26. Nc3 Qc4
$132) 23... Qxf1+ $8 24. Kxf1 Bxd5 25. f4 Bc4+ (25... Rh8 26. f5 $18) 26. Kg1
$18) (21... Bxd5 22. Rxd5 $18) 22. Ng5+ $1 Kg8 (22... Nxg5 23. Qh5+ Kg8 24.
Ne7+ Kf8 25. Nf5 $18) 23. Qh5 (23. Ne7+ $5 Kf8 24. Qh5 Nxg5 25. Nf5 $18) 23...
Bxd5 24. Qxf7+ Kh8 25. Qh5+ Kg8 26. Rxd5 $1 Nxg5 (26... Rxd5 27. Qf7+ Kh8 28.
Nxe6) 27. Rxd8+ Rxd8 28. Qxg5 {Black simply lost his pawns without getting
anything for them ! The rest is simple.} Qb6 29. Re1 Rf8 30. Qd2 Rd8 31. Qc3
1-0